000 00502nam a22001457a 4500
005 20251125115934.0
008 251125b |||||||| |||| 00| 0 eng d
020 _a978-1-4057-9770-2
100 _aREAD, JAMES S.
245 _aLAW REPORTS OF THE COMMONWEALTH 2015
260 _aLONDON
_bLEXISNEXIS
_c2015
300 _aXXXII, 840P.
650 _a1. LAW REPORTS, DIGESTS ETC -COMMONWEALTH COUNTRIES 2,.LAW -COMMONWEALTH COUNTRIES - CASES 3. COMPARATIVE LAW- COMMONWEALTH COUNTIRES
942 _2lcc
_cREF
999 _c216281
_d216281